000 00359nam a2200145Ia 4500
008 230312s9999||||xx |||||||||||||| ||und||
082 _a701.1
_bEIT-I
100 _aEitner;Lorenz
245 0 _aIntroduction to Art
260 _bBurgess Publishing Company
_aUSA
300 _a131
546 _aEng.
650 _aArchitecture
_vIntroduction to Art
942 _cBK
999 _c8240
_d8240